Guess the Fusion Rock Song Lyrics #148 - Statistics

General Stats
  • This quiz has been taken 17 times
  • The average score is 186 of 295
Answer Stats
Answer % Correct
A
100%
a
100%
I
100%
You
100%
you
100%
And
93%
and
93%
the
93%
to
93%
Love
86%
love
86%
me
86%
we
86%
We
86%
all
79%
All
79%
are
79%
by
79%
it
79%
on
79%
when
79%
When
79%
Who
79%
your
79%
But
71%
have
71%
I'd
71%
If
71%
in
71%
just
71%
let
71%
no
71%
What
71%
why
71%
you're
71%
another
64%
been
64%
free
64%
friend
64%
got
64%
is
64%
It's
64%
know
64%
need
64%
of
64%
one
64%
out
64%
us
64%
world
64%
answer
57%
down
57%
for
57%
from
57%
man
57%
alone
50%
can't
50%
die
50%
feel
50%
here
50%
I've
50%
knows
50%
Light
50%
never
50%
shine
50%
Shine
50%
way
50%
you've
50%
must
43%
stay
43%
We're
43%
around
36%
boys
36%
far
36%
girls
36%
heart
36%
home
36%
lonely
36%
lost
36%
run
36%
set
36%
such
36%
Tell
36%
Utopia
36%
easy
29%
end
29%
found
29%
near
29%
or
29%
People
29%
Someday
29%
there's
29%
try
29%
anymore
21%
Ask
21%
chances
21%
their
21%
turn
21%
walk
21%
afraid
14%
alive
14%
dying
14%
heard
14%
looked
14%
low
14%
Name
14%
paradise
14%
planet
14%
price
14%
ticket
14%
answers
7%
cut
7%
heads
7%
high
7%
homeless
7%
hope's
7%
shore
7%
short
7%
worth
0%
No matching quizzes found
Score Distribution
Percent of People with Each Score
Percentile by Number Answered
Your Score History
You have not taken this quiz